=LDR 00000nam 2200000 4500 =001 INLIS000000000026157 =005 20210409092832 =035 ##$$a 0010-061300000026157 =008 210409################g##########0#ind## =041 ##$$a ind =082 ##$$a 334 =090 ##$$a 631, KOP k =245 ##$$a Koperasi dan agroindustri /$c Editor, M. Amin Aziz =260 ##$$a Jakarta :$b PPA,$c 1993 =300 ##$$a vi, 153 hlm : $b ilus. ; $c 23 x 16 cm. =650 #4$$a Ekonomi Pertanian =850 ##$$a NBPNMAT =084 ##$$a 334 KOP =710 #$$a Aziz, M. Amin =020 ##$$a 97956-008-8 =250 ##$$a cet. 2 =990 ##$$a 66224/Hd.94 =990 ##$$a 66.225/hd-94 =990 ##$$a 66.226 hd.94